| 000 | 00456ntaaa2200181 4500 | ||
|---|---|---|---|
| 003 | 01 | ||
| 005 | 20251027201755.0 | ||
| 008 | 0714s1973 ag 01 | ||
| 040 |
_aAR-BaBN _bspa _cAR-BaBN _eaacr _dRIC |
||
| 082 | _a241.0000 K78 | ||
| 100 |
_aKnudson, Albert C _911154 |
||
| 245 | _aThe principles of christian ethics | ||
| 250 | _a1 ed. | ||
| 260 |
_aNew York : _bAbingdon-Cokesbury, _cc1943 |
||
| 300 | _a314 p | ||
| 650 | _aética cristiana | ||
| 942 | _cBK | ||
| 999 |
_c12410 _d12410 |
||